[Event "Olympiad Women 2024"]
[Site "Budapest HUN"]
[Date "2024.09.11"]
[Round "1.31"]
[Board "2"]
[White "Karacsonyi, Kata"]
[Black "Efentakis, Katina"]
[Result "1-0"]
[WhiteElo "2233"]
[BlackElo "1650"]
[PlyCount "141"]
[EventDate "2024.09.11"]
[WhiteTeam "Hungary B"]
[BlackTeam "Mozambique"]
[BlackTeamCountry "MOZ"]

1. e4 e5 2. Nf3 Nc6 3. Bb5 a6 4. Ba4 d6 5. O-O Nf6 6. c3 b5 7. Bc2 Be7 8. h3 O-O 9. Re1 Re8 10. d3 Bb7 ({RR} 10... Nd7 11. Nbd2 Bf8 12. Nf1 g6 13. Ng3 Bg7 14. Bg5 f6 15. Be3 Nc5 16. d4 exd4 17. cxd4 Nd7 18. h4 Nf8 19. h5 d5 20. exd5 Nb4 21. Bb3 Nxd5 22. Qd3 Be6 23. a3 Nxe3 24. Bxe6+ Rxe6 25. Rxe3 {½-½ Sanabria Taskila,J (1998)-Hernandez,O (1465) Gran Canaria Online (Women) blitz 2021 (7)}) 11. Nbd2 h6 12. Nf1 Bf8 13. Ng3 $146 ({RR} 13. Ne3 g6 14. a4 Bg7 15. Bd2 Qd7 16. b4 d5 17. exd5 Nxd5 18. Nxd5 Qxd5 19. Be3 e4 20. dxe4 Qxd1 21. Rexd1 Bxc3 22. axb5 Nxb4 23. Rac1 Bb2 24. bxa6 Bxa6 25. Rb1 Nxc2 26. Rxb2 Nxe3 27. fxe3 Rxe4 {½-½ Czarnota,P (2534)-Muc,M (2097) POL-ch blitz 2019 (2)}) 13... Ne7 14. Nh4 g6 15. Qf3 Nc8 16. Bb3 d5 17. exd5 Bxd5 18. Bxd5 Nxd5 19. Nhf5 gxf5 20. Nxf5 Ncb6 21. Re4 Nf4 22. Bxf4 exf4 23. Rxf4 Kh7 24. Nd4 Bg7 25. Rf5 f6 26. Rxf6 Qd6 27. Rf7 Qd5 28. Qf6 Qg5 29. Qf5+ Qxf5 30. Nxf5 Kg6 31. Rxg7+ Kxf5 32. Rxc7 Re2 33. c4 bxc4 34. dxc4 Rc8 35. g4+ Ke6 36. Rxc8 Nxc8 37. b3 Na7 38. Kf1 Re5 39. Rd1 Nc6 40. a3 a5 41. Rd3 Re4 42. f3 Rd4 43. Ke2 Rxd3 44. Kxd3 Ke5 45. Ke3 Kd6 46. f4 Kc5 47. Kd3 Ne7 48. Ke4 Nc6 49. g5 hxg5 50. fxg5 Kd6 51. h4 Ke6 52. h5 Ne7 53. b4 axb4 54. axb4 Nc8 55. c5 Na7 56. h6 Kf7 57. Kd5 Nc8 58. b5 Ne7+ 59. Kd6 Nf5+ 60. Kd7 Kg6 61. b6 Kxg5 62. h7 Kg6 63. h8=Q Ng7 64. Qxg7+ Kxg7 65. b7 Kh7 66. b8=Q Kg6 67. Qf4 Kh5 68. Qg3 Kh6 69. Ke6 Kh7 70. Kf6 Kh8 71. Qg7# 1-0

[Event "Olympiad Women 2024"]
[Site "Budapest HUN"]
[Date "2024.09.11"]
[Round "1.31"]
[Board "3"]
[White "Sandramo, Chineva Rufino"]
[Black "Demeter, Dorina"]
[Result "0-1"]
[WhiteElo "1524"]
[BlackElo "2199"]
[PlyCount "58"]
[EventDate "2024.09.11"]
[WhiteTeam "Mozambique"]
[BlackTeam "Hungary B"]
[WhiteTeamCountry "MOZ"]

1. e4 e5 2. Nf3 Nc6 3. Bc4 Bc5 4. d3 Nf6 5. c3 d6 6. Nbd2 a6 7. O-O Ba7 8. a4 h6 9. Re1 O-O ({RR} 9... g5 10. Nf1 g4 11. N3d2 h5 12. Ne3 h4 13. Ndf1 Rg8 14. Kh1 Nh5 15. Qb3 Rg7 16. d4 exd4 17. Nf5 Bxf5 18. exf5+ Ne5 19. Qxb7 dxc3 20. bxc3 Bxf2 21. Re2 Ng3+ 22. Nxg3 hxg3 23. Bh6 Qh4 24. Rxe5+ {1-0 Samsonkin,A (2363)-Shohat,Y (2413) Titled Tue 11th Jun Early 2024 (2)}) 10. Nf1 Be6 $146 ({RR} 10... Ne7 11. Ng3 Ng6 12. b4 c6 13. Bb3 Be6 14. d4 Bxb3 15. Qxb3 exd4 16. cxd4 d5 17. e5 Nd7 18. e6 fxe6 19. Rxe6 Rf6 20. Re2 Nf4 21. Rea2 Qf8 22. Ra3 Re8 23. b5 Bxd4 24. Nxd4 Re1+ 25. Nf1 {0-1 Zhang,S (2033)-Kondakov,A (1986) PNWCC Online blitz JP 12th 2020 (8)}) 11. Bxe6 fxe6 12. Be3 Bxe3 13. Nxe3 Qd7 14. b4 Ne7 15. h3 Ng6 16. Nh2 Nf4 17. Neg4 h5 18. Nxf6+ Rxf6 19. Re3 Raf8 20. c4 Qf7 21. Rg3 Rg6 22. Ra2 d5 23. c5 Qf6 24. b5 a5 25. Rb2 Rg5 26. Rxg5 Qxg5 27. g3 Nxh3+ 28. Kg2 Nf4+ 29. Kh1 Nxd3 0-1

[Event "Olympiad Women 2024"]
[Site "Budapest HUN"]
[Date "2024.09.11"]
[Round "1.32"]
[Board "1"]
[White "Repkova, Eva"]
[Black "Karelina, Polina"]
[Result "1-0"]
[WhiteElo "2319"]
[BlackElo "1898"]
[PlyCount "43"]
[EventDate "2024.09.11"]
[WhiteTeam "Slovakia"]
[BlackTeam "Bahamas"]
[WhiteTeamCountry "SVK"]
[BlackTeamCountry "BAH"]

1. e4 d6 2. d4 Nf6 3. Bd3 e5 4. c3 Nbd7 5. Nf3 Be7 6. Nbd2 O-O 7. O-O c6 8. Re1 Re8 9. Nf1 Bf8 ({RR} 9... Qc7 10. Ng3 Nf8 11. h3 Ng6 12. Be3 h6 13. Qd2 Bf8 14. b3 a5 15. a4 Bd7 16. Rad1 Rad8 17. Qc1 Bc8 18. Bc2 Nh7 19. c4 Be7 20. Nf1 Nh4 21. N1h2 Nf8 22. Nxh4 {½-½ Fedorov,A (2598)-Sargissian,G (2538) EU-ch 3rd Batumi 2002 (9)}) 10. Ng3 Qc7 11. h3 ({RR} 11. Bc2 d5 12. dxe5 Nxe5 13. Nxe5 Qxe5 14. f4 Qc7 15. e5 Qb6+ 16. Be3 Bc5 17. Bxc5 Qxc5+ 18. Qd4 Qxd4+ 19. cxd4 Nd7 20. b4 Nb6 21. Bd3 Bd7 22. h3 a6 23. Kh2 Na4 24. Rac1 b5 25. Nh5 a5 {1-0 Ryan,J (2232)-Khakhinov,I (2236) Titled Tue 20th Feb Late 2024 (5)}) 11... g6 12. Be3 $146 ({RR} 12. Bd2 Bg7 13. Qc1 Nf8 14. Bh6 Ne6 15. Bxg7 Kxg7 16. Bc2 Nf4 17. Qd2 Be6 18. Bb3 Rad8 19. Bxe6 Rxe6 20. Rad1 Ree8 21. c4 c5 22. d5 Rb8 23. Rc1 a6 24. a3 h6 25. Kh2 b6 26. Nf1 Qd7 {0-1 Rismanto,R (2116)-Gunawan,R (2247) Penang op 10th 2018 (8)}) ({RR} 12. Bg5 Bg7 13. Qd2 b5 14. Bh6 Nf8 15. Bxg7 Kxg7 16. Rac1 a5 17. c4 b4 18. c5 exd4 19. cxd6 Qb6 20. e5 Nd5 21. Be4 Ne6 22. Bxd5 cxd5 23. Ne2 Ba6 24. Nexd4 Rac8 25. d7 {1-0 Martinez Alcantara,J (2620)-Uzcategui Rodriguez,A (2239) Titled Tuesday intern op 15st Dec blitz 2020 (1)}) 12... d5 13. Nxe5 Nxe5 14. dxe5 Nxe4 15. Bxe4 dxe4 16. Nxe4 Rd8 17. Qa4 b5 18. Nf6+ Kh8 19. Qh4 h5 20. Bg5 Be7 21. Re3 Kg7 22. Nxh5+ 1-0

[Event "Olympiad Women 2024"]
[Site "Budapest HUN"]
[Date "2024.09.11"]
[Round "1.32"]
[Board "2"]
[White "Thomas, Nelissa"]
[Black "Mrvova, Alena"]
[Result "0-1"]
[WhiteElo "1631"]
[BlackElo "2121"]
[PlyCount "62"]
[EventDate "2024.09.11"]
[WhiteTeam "Bahamas"]
[BlackTeam "Slovakia"]
[WhiteTeamCountry "BAH"]
[BlackTeamCountry "SVK"]

1. e4 c5 2. Nf3 e6 3. Nc3 a6 4. a4 b6 5. Bc4 Bb7 6. O-O d6 7. d3 ({RR} 7. d4 cxd4 8. Nxd4 Nd7 9. Bxe6 fxe6 10. Nxe6 Qc8 11. Qg4 Ngf6 12. Nxg7+ Kf7 13. Qe6+ Kxg7 14. Bg5 Qe8 15. Qh3 Qg6 16. f4 h6 17. Bh4 Qg4 18. e5 dxe5 19. fxe5 Qd4+ 20. Kh1 Qxe5 21. Rf5 Qd4 {½-½ Cardozo,C (2043)-Shapiro,D (2284) Titled Tue 23rd May Late 2023 (10)}) 7... Be7 8. Bf4 Nf6 9. Qd2 $146 ({RR} 9. Nd2 O-O 10. Bb3 Nbd7 11. Nc4 Nb8 12. Qf3 h6 13. Be3 Bc6 14. Qg3 Kh8 15. f3 d5 16. e5 Nfd7 17. d4 dxc4 18. Bxc4 cxd4 19. Bd3 g6 20. Bxd4 Bc5 21. Bf2 Bxf2+ 22. Rxf2 Nc5 23. Ne4 Bxe4 {0-1 Lysenkov,A-Temir,M (1573) KGZ-ch U16 Bishkek 2019 (1)}) 9... O-O 10. Rfe1 Ne8 11. Re3 Nc6 12. Ne1 Ne5 13. Rh3 Ng6 14. Be3 d5 15. Bb3 d4 16. Bh6 dxc3 17. bxc3 Bf6 18. Nf3 e5 19. Ng5 Nf4 20. Rg3 Nd6 21. Nxh7 Kxh7 22. Bxf4 c4 23. Rh3+ Kg8 24. Ba2 Bc8 25. Rg3 exf4 26. Qxf4 Re8 27. Re1 Be5 28. Rxg7+ Kxg7 29. Qf3 Qf6 30. Qd1 Bxh2+ 31. Kxh2 Qxf2 0-1

[Event "Olympiad Women 2024"]
[Site "Budapest HUN"]
[Date "2024.09.11"]
[Round "1.32"]
[Board "3"]
[White "Bochnickova, Simona"]
[Black "Johnson, Daijah"]
[Result "1-0"]
[WhiteElo "2138"]
[BlackElo "1625"]
[PlyCount "35"]
[EventDate "2024.09.11"]
[WhiteTeam "Slovakia"]
[BlackTeam "Bahamas"]
[WhiteTeamCountry "SVK"]
[BlackTeamCountry "BAH"]

1. e4 {Horvath,Tamas} c5 2. Nf3 Nc6 3. d4 cxd4 4. Nxd4 e6 5. Nc3 Nf6 6. Nxc6 bxc6 7. e5 Nd5 8. Nxd5 cxd5 9. Bd3 Be7 ({RR} 9... Ba6 10. O-O ({RR} 10. Bxa6 Qa5+ 11. Bd2 Qxa6 12. Qe2) 10... Bxd3 11. Qxd3 Qc7 12. Re1 Rc8 13. c3 g6 14. Be3 Bg7 15. Bd4 O-O 16. Qa6 Ra8 17. Rac1 Rfc8 18. g3 Qc4 19. Qxc4 Rxc4 20. Kf1 Rc6 21. Ke2 Bf8 22. Kd3 Bc5 ({RR} 22... d6 23. c4 Rac8 24. b3 a5 25. Rc2 a4 26. Rec1 axb3 27. axb3 Rb8 28. cxd5 Rxb3+ 29. Rc3 Rbxc3+ 30. Rxc3 Rxc3+ 31. Bxc3 exd5 32. exd6 Bxd6 33. Kd4) 23. Rc2 Rac8 24. Rec1 {0-1 Campora,D (2550)-Illescas Cordoba,M (2615) Buenos Aires Najdorf 1993 (9)}) 10. Qg4 ({RR} 10. O-O Bb7 11. Qg4 O-O 12. Bh6 g6 13. Bxf8 Bxf8 14. f4 Bg7 15. Rfd1 Qb6+ 16. Kh1 Qc6 17. Re1 Kh8 18. Rac1 Qb6 19. c4 dxc4 20. Rxc4 Ba6 21. Rc3 Qxb2 22. Rb3 Qxa2 23. Qf3 Rf8 24. Bxa6 Qxa6 {0-1 Misiuk,M (1480)-Yeganegi,B (1403) Wch U08 blitz 2018 (8)}) 10... g6 11. h4 f5 12. exf6 $146 ({RR} 12. Qg3 Rb8 13. f4 Qa5+ 14. Bd2 Qb6 15. h5 Rg8 16. b3 Ba6 17. Bxa6 Qxa6 18. Qf3 d4 19. hxg6 hxg6 20. Qd3 Qxd3 21. cxd3 Rc8 22. Ke2 Kf7 23. Rh7+ Rg7 24. Rxg7+ Kxg7 25. Rc1 Rc6 26. Rc4 Rxc4 {1-0 Kiselev,A (1987)-Stummeyer,D (1872) Hannover Region-ch 2012 (5)}) 12... Bxf6 13. Rh3 e5 14. Bxg6+ Ke7 15. Rf3 Qg8 16. Rxf6 d6 17. Qg5 h6 18. Rf7+ 1-0

[Event "Olympiad Women 2024"]
[Site "Budapest HUN"]
[Date "2024.09.11"]
[Round "1.32"]
[Board "4"]
[White "Pride, Chika"]
[Black "Walter, Ema"]
[Result "0-1"]
[WhiteElo "1587"]
[BlackElo "2055"]
[PlyCount "114"]
[EventDate "2024.09.11"]
[WhiteTeam "Bahamas"]
[BlackTeam "Slovakia"]
[WhiteTeamCountry "BAH"]
[BlackTeamCountry "SVK"]

1. e4 e5 2. Nf3 Nc6 3. Bc4 Bc5 4. d3 Nf6 5. c3 a5 6. a4 Ba7 7. O-O h6 8. Nbd2 O-O 9. Re1 d6 10. Nf1 Re8 $146 ({RR} 10... Be6 11. Bxe6 fxe6 12. Be3 Kh7 13. Bxa7 Rxa7 14. d4 exd4 15. cxd4 e5 16. Ng3 exd4 17. Nxd4 Qd7 18. Nf3 Raa8 19. Qc2 Ne5 20. Nxe5 dxe5 21. Rad1 Qf7 22. Qc5 g6 23. Qxe5 Ng4 24. Qc5 b6 25. Qc2 {0-1 Keller,P (2377)-Diaz Rosas,J (2351) Titled Tuesday intern op 24th May Late blitz 2022 (10)}) ({RR} 10... Ng4 11. Re2 Be6 12. Bxe6 fxe6 13. h3 Nf6 14. Ng3 Ne7 15. d4 Ng6 16. Re1 Nd7 17. Qb3 Qf6 18. Be3 Nf4 19. Bxf4 exf4 20. Nf1 Qe7 21. N1h2 Rab8 22. Ng4 Kh8 23. e5 d5 24. Qc2 Rf5 25. Qd3 {0-1 Kaser,N (1919)-Ruiz Buendia,M (2366) Reykjavik Open 2024 (4.102)}) 11. Ng3 Be6 12. Bxe6 Rxe6 13. Be3 Bxe3 14. Rxe3 d5 15. Qb3 Ra6 16. Ra3 Rb6 17. Qc2 d4 18. Re1 dxc3 19. bxc3 Qd6 20. Raa1 Qc5 21. Rab1 Rd6 22. Rxb6 cxb6 23. Nf5 Nb4 24. Qe2 Nxd3 25. Nxd6 Nxe1 26. Qxe1 Qxd6 27. Qb1 Kf8 28. h3 Ke7 29. Qc2 Qc5 30. Kf1 Qc4+ 31. Ke1 Nxe4 32. Nxe5 Qxc3+ 33. Qxc3 Nxc3 34. Nc4 Nxa4 35. Kd2 Ke6 36. Kc2 Kd5 37. Ne3+ Ke6 38. Nc4 f6 39. Kb3 Nc5+ 40. Kc3 Nd7 41. f3 g6 42. g3 Kd5 43. h4 Kc5 44. Ne3 b5 45. Nc2 b4+ 46. Kb3 b5 47. f4 a4+ 48. Kb2 b3 49. Na3 Kb4 50. Nb1 Nc5 51. Nd2 a3+ 52. Ka1 b2+ 53. Ka2 Na4 54. Nb1 Nc3+ 55. Nxc3 Kxc3 56. Kb1 Kb3 57. g4 a2# 0-1

[Event "Olympiad Women 2024"]
[Site "Budapest HUN"]
[Date "2024.09.11"]
[Round "1.33"]
[Board "1"]
[White "Lyons, Kieran"]
[Black "Cramling, Pia"]
[Result "0-1"]
[WhiteElo "1818"]
[BlackElo "2425"]
[PlyCount "76"]
[EventDate "2024.09.11"]
[WhiteTeam "Fiji"]
[BlackTeam "Sweden"]
[WhiteTeamCountry "FIJ"]
[BlackTeamCountry "SWE"]

1. e4 c5 2. Nf3 e6 3. d4 cxd4 4. Nxd4 a6 5. Nc3 b5 6. Bd3 Bb7 7. O-O Nc6 8. Nxc6 Bxc6 9. e5 f5 ({RR} 9... Ne7 10. Qh5 Ng6 11. Bd2 Qh4 12. Qxh4 Nxh4 13. Ne4 Be7 14. Rad1 f5 15. exf6 gxf6 16. f3 f5 17. Ng3 Rg8 18. Kh1 Kf7 19. Rfe1 Bd6 20. Bf1 Bxg3 21. hxg3 Rxg3 22. Bf4 Rg6 23. Rd6 Rag8 24. Rd2 {0-1 Alekseenko,K (2686)-Predke,A (2684) Airthings Masters Play-In 2023 (6)}) 10. Be3 $146 ({RR} 10. Qe2 Ne7 11. a4 b4 12. Nd1 Ng6 13. f4 Be7 14. Be3 Qc8 15. b3 O-O 16. Nb2 Bd5 17. Nc4 Bxc4 18. Bxc4 Qc6 19. Rad1 Rfd8 20. Qf3 Rac8 21. Rd2 Nf8 22. Qf2 Ng6 23. Rfd1 Kh8 24. g3 Rb8 {1-0 Airapetian,T (2175)-Girya,O (2332) Bykova Memorial op (Women) 2008 (6)}) ({RR} 10. exf6 Nxf6 11. Qe2 Be7 12. a4 b4 13. Ne4 Bxe4 14. Bxe4 Nxe4 15. Qxe4 O-O 16. Be3 Qc8 17. Bd4 Qc6 18. Qxc6 dxc6 19. Rae1 Kf7 20. Bb6 Rab8 21. a5 Bd8 22. Bxd8 Rfxd8 23. Re4 Rb5 24. Rfe1 Rd6 {½-½ Szieberth,A (2305)-Csonka,A (2281) HUN-chT2 Charousek 0708 2007 (10)}) 10... g6 11. Ne2 Nh6 12. Nd4 Bb7 13. Nf3 Nf7 14. Bd4 Bg7 15. Re1 O-O 16. c3 Rc8 17. Nd2 d6 18. f4 dxe5 19. fxe5 Qd5 20. Qf3 Qd7 21. Qg3 g5 22. Nf3 g4 23. Nd2 h5 24. Qh4 Qd5 25. Bf1 Bh6 26. Nb3 Bg5 27. Qxh5 Kg7 28. Be3 Bxe3+ 29. Rxe3 Rh8 30. Rd3 Rxh5 31. Rxd5 Bxd5 32. Nd4 Nxe5 33. Re1 Kf6 34. a3 Rch8 35. h3 gxh3 36. gxh3 Rg8+ 37. Kf2 Rh4 38. Rd1 Nc4 0-1

[Event "Olympiad Women 2024"]
[Site "Budapest HUN"]
[Date "2024.09.11"]
[Round "1.33"]
[Board "2"]
[White "Agrest, Inna"]
[Black "Sukhu, Gloria"]
[Result "1-0"]
[WhiteElo "2197"]
[BlackElo "1634"]
[PlyCount "55"]
[EventDate "2024.09.11"]
[WhiteTeam "Sweden"]
[BlackTeam "Fiji"]
[WhiteTeamCountry "SWE"]
[BlackTeamCountry "FIJ"]

1. e4 c5 2. Nf3 Nc6 3. d4 cxd4 4. Nxd4 Nf6 5. Nc3 e6 6. Nxc6 bxc6 7. e5 Nd5 8. Ne4 d6 ({RR} 8... c5 9. c4 Nb4 10. Bd3 Qc7 11. f4 Nxd3+ 12. Qxd3 Bb7 13. Be3 Be7 14. O-O-O Bxe4 15. Qxe4 O-O 16. f5 f6 17. Bf4 Qc8 18. Rhf1 Kh8 19. exf6 Bxf6 20. fxe6 dxe6 21. Bd6 Rf7 22. Be5 Qb7 23. Qxb7 {1-0 Popov,I (2531)-Krapivin,A (2478) RUS-ch U20 St Petersburg 2007 (5)}) 9. c4 Nb6 ({RR} 9... f5 10. Nxd6+ Bxd6 11. exd6 Nb6 12. c5 Nd5 13. Bd2 a5 14. Bc4 Qf6 15. Bxd5 Qe5+ 16. Be3 cxd5 17. O-O Qxb2 18. Bd4 Qb7 19. Rb1 Qf7 20. Qa4+ Qd7 21. Qxd7+ Bxd7 22. Bxg7 Rg8 23. Be5 Rg4 24. f4 {1-0 Fitzgerald,D (1680)-Piedrahita Londono,J Pereira Gildardo Garcia Memorial-B 2022 (1)}) 10. Bg5 Be7 $146 ({RR} 10... Qd7 11. Nxd6+ Bxd6 12. Qxd6 Qxd6 13. exd6 c5 14. b4 Bb7 15. Rb1 Bc6 16. bxc5 Na4 17. Be3 Kd7 18. Bd3 Rab8 19. Kd2 Nb2 20. Bd4 Nxd3 21. Kxd3 Bxg2 22. Rxb8 Rxb8 23. Rg1 Bf3 24. Ke3 Bh5 25. Bxg7 {1-0 Pribyl,J (2134)-Misicko,J (2035) CZE-chT2B 0910 2009 (3.6)}) 11. Nxd6+ Kf8 12. Qh5 g6 13. Bxe7+ Qxe7 14. Qh6+ Kg8 15. Rd1 Nd7 16. f4 Nc5 17. b4 Nd7 18. c5 a6 19. Be2 f6 20. Bf3 Rb8 21. O-O fxe5 22. Bxc6 Nf6 23. fxe5 Ng4 24. Qf4 Nxe5 25. Qxe5 Bd7 26. Bxd7 Qxd7 27. Nf5 Qxd1 28. Nh6# 1-0

[Event "Olympiad Women 2024"]
[Site "Budapest HUN"]
[Date "2024.09.11"]
[Round "1.33"]
[Board "3"]
[White "Terubea, Cydel"]
[Black "Cramling Bellon, Anna"]
[Result "0-1"]
[WhiteElo "1681"]
[BlackElo "2066"]
[PlyCount "60"]
[EventDate "2024.09.11"]
[WhiteTeam "Fiji"]
[BlackTeam "Sweden"]
[WhiteTeamCountry "FIJ"]
[BlackTeamCountry "SWE"]

1. e4 c5 2. Nf3 e6 3. Nc3 Nc6 4. d4 cxd4 5. Nxd4 Nf6 6. Nf3 Bb4 7. Bd3 Qc7 ({RR} 7... d5 8. O-O Bxc3 9. exd5 Nxd5 10. bxc3 Nxc3 11. Qe1 Nd5 12. Ba3 Nce7 13. Ng5 h6 14. Ne4 O-O 15. Rd1 Qc7 16. c4 Nf4 17. Bd6 Nxd3 18. Rxd3 Qd8 19. Qd2 Re8 20. Nf6+ gxf6 21. Qxh6 Nf5 22. Qh5 {1-0 Stocek,J (2604)-Karavaeva,O (2260) Titled Tuesday intern op 09th Feb blitz 2021 (10)}) ({RR} 7... d5 8. exd5 Nxd5 9. Bd2 Qf6 10. Na4 Bxd2+ 11. Qxd2 O-O 12. O-O Nf4 13. Nc3 Rd8 14. Rfe1 Nxd3 15. cxd3 Qg6 16. Re3 b6 17. Ne4 Nd4 18. Nxd4 Rxd4 19. Qc3 e5 20. Rg3 Qf6 21. Nxf6+ Kf8 22. Qc6 {1-0 Valibeagi Darvishvand,P-Baghbanbashi,K IRI-ch U14 Chess.com INT 2021 (7)}) 8. h3 $146 ({RR} 8. Bd2 O-O 9. O-O a6 10. a3 Bd6 11. Re1 Ne5 12. g3 b5 13. Bg5 Nfg4 14. Nxe5 Nxe5 15. Bf4 Nxd3 16. Bxd6 Qxd6 17. Qxd3 Qc6 18. Rad1 Rd8 19. f3 Bb7 20. Re3 Qc5 21. b4 Qb6 22. e5 Bxf3 {0-1 Chernova,M-Schmitt,C Berlin Unicorn op 2005 (7)}) ({RR} 8. Bd2 a6 9. O-O Ne5 10. Nxe5 Qxe5 11. Re1 Bc5 12. Qf3 Bd6 13. Qg3 Nh5 14. Qxe5 Bxe5 15. Rab1 b5 16. a3 Bb7 17. Be2 Nf6 18. Bf3 Rc8 19. h3 h6 20. Rbc1 O-O 21. Rcd1 d6 22. g3 Rfd8 {0-1 Dementieva,J (1624)-Shidlovski,Y (1957) Kimry op 52nd 2010 (3)}) 8... h6 9. Bd2 a6 10. Qe2 d6 11. O-O O-O 12. Rfe1 Rd8 13. e5 dxe5 14. Nxe5 Nd4 15. Qe3 Bc5 16. Qg3 Nf5 17. Qf3 Bd6 18. Ng4 Be7 19. Ne4 Nxe4 20. Qxe4 Bd7 21. Nxh6+ gxh6 22. g4 Bc6 23. Qe5 Qxe5 24. Rxe5 Nh4 25. Rh5 Nf3+ 26. Kf1 Nxd2+ 27. Kg1 Bg5 28. h4 Nf3+ 29. Kf1 Nxh4 30. Re1 Bg2+ 0-1

[Event "Olympiad Women 2024"]
[Site "Budapest HUN"]
[Date "2024.09.11"]
[Round "1.33"]
[Board "4"]
[White "Zaritovskaja, Margarita"]
[Black "Prasad, Tanvi"]
[Result "1-0"]
[WhiteElo "2009"]
[BlackElo "1564"]
[PlyCount "29"]
[EventDate "2024.09.11"]
[WhiteTeam "Sweden"]
[BlackTeam "Fiji"]
[WhiteTeamCountry "SWE"]
[BlackTeamCountry "FIJ"]

1. e4 b6 2. d4 Bb7 3. Nc3 e6 4. Nf3 Nf6 5. Bd3 Bb4 6. Qe2 O-O 7. e5 ({RR} 7. O-O Bxc3 8. bxc3 d5 {½-½ Mateo,R (2437)-Sequera Paolini,J (2392) Guillermo Garcia Memorial-A 11th 2003 (11)}) ({RR} 7. O-O c5 8. dxc5 Bxc3 9. bxc3 bxc5 10. e5 Nd5 11. Bb2 f5 12. c4 Nf4 13. Qe3 Nxd3 14. cxd3 Na6 15. Ba3 Qa5 16. Bb2 Nb4 17. Qd2 Bxf3 18. gxf3 Qc7 19. Kh1 Rab8 20. Bc3 Nc6 21. Rae1 f4 {0-1 Hamouri,T (1845)-P. Komal Kishore (1984) Titled Tue 23rd Jul Early 2024 (10)}) 7... Nd5 8. Bxh7+ Kxh7 9. Ng5+ Kg8 $146 ({RR} 9... Qxg5 10. Bxg5 Rh8 11. O-O-O {1-0 Ledger,D (2148)-Jackson,C (1968) BCF-chT 2122 (4NCL) 2021 (9.67)}) ({RR} 9... Kg6 10. h4 Qe7 11. h5+ Kh6 12. Qd3 Qxg5 13. Bxg5+ Kxg5 14. h6 gxh6 15. Qg3+ Kf5 16. Rh5# {1-0 Huerter,H (2237)-Harriott,T (1889) Titled Tue 4th Apr Early 2023 (4)}) 10. Qh5 Re8 11. Qxf7+ Kh8 12. Qh5+ Kg8 13. Qh7+ Kf8 14. Qh8+ Ke7 15. Qxg7# 1-0

[Event "Olympiad Women 2024"]
[Site "Budapest HUN"]
[Date "2024.09.11"]
[Round "1.34"]
[Board "1"]
[White "Khamdamova, Afruza"]
[Black "Seine, Rose Berline"]
[Result "1-0"]
[WhiteElo "2313"]
[BlackElo "1778"]
[PlyCount "71"]
[EventDate "2024.09.11"]
[WhiteTeam "Uzbekistan"]
[BlackTeam "Haiti"]
[WhiteTeamCountry "UZB"]
[BlackTeamCountry "HAI"]

1. e4 e5 2. Nf3 Nc6 3. Bb5 Nf6 4. d3 Bc5 5. O-O d6 6. c3 Bd7 7. Re1 ({RR} 7. Nbd2 a6 8. Ba4 O-O 9. h3 Ba7 10. Re1 Ne7 11. Bb3 Ng6 12. Nf1 Re8 13. Ng5 Re7 14. Ng3 h6 15. Nf3 c6 16. Nh2 Re8 17. Qf3 Nh4 18. Qe2 Ng6 19. Ng4 Be6 20. Nf5 d5 21. Qf3 Nxg4 {0-1 Predke,A (2533)-Shimanov,A (2606) Nezhmetdinov Memorial 37th 2015 (4)}) 7... Qe7 8. d4 Bb6 9. h3 $146 ({RR} 9. d5 Nb8 10. Bd3 c6 11. c4 h6 12. Be3 c5 13. h3 a6 14. Qb3 Qd8 15. Nbd2 a5 16. a3 O-O 17. Nf1 a4 18. Qc2 Ba5 19. Bd2 Bxd2 20. Qxd2 Qe8 21. Ng3 b5 22. cxb5 Bxb5 23. Nf5 Bxd3 {1-0 Trede,R (1785)-Scheller,R HSK Easter Open 2024 (3.28)}) ({RR} 9. Bg5 h6 10. Bh4 g5 11. Bg3 g4 12. Nh4 O-O-O 13. d5 Nb8 14. Bxd7+ Nbxd7 15. Nf5 Qf8 16. a4 a6 17. a5 Ba7 18. b4 Rg8 19. Bh4 Re8 20. Qd3 Rg6 21. Nd2 Nh5 22. c4 Nf4 23. Qf1 Qg8 {1-0 Maksimovic,B (2269)-Markovic,R (1749) Sarajevo Bosna op 47th 2017 (1)}) 9... O-O-O 10. d5 Nb8 11. Bxd7+ Nbxd7 12. a4 c6 13. a5 Bc7 14. a6 b6 15. dxc6 Nb8 16. c4 Nxc6 17. Bg5 h6 18. Bxf6 Qxf6 19. Nc3 Qe6 20. Qa4 Ne7 21. Nd5 Qd7 22. Nxe7+ Qxe7 23. b4 Qd7 24. Qb3 Qe6 25. Nd2 Kd7 26. Nf1 b5 27. Ne3 bxc4 28. Qa4+ Kc8 29. Qc6 d5 30. Qb7+ Kd7 31. Nxd5 Qc6 32. Nf6+ Qxf6 33. Red1+ Ke8 34. Qxc7 Rd4 35. Qb8+ Qd8 36. Qxe5+ 1-0

[Event "Olympiad Women 2024"]
[Site "Budapest HUN"]
[Date "2024.09.11"]
[Round "1.34"]
[Board "2"]
[White "Cadeau, Merisena"]
[Black "Yakubbaeva, Nilufar"]
[Result "0-1"]
[WhiteElo "1671"]
[BlackElo "2248"]
[PlyCount "60"]
[EventDate "2024.09.11"]
[WhiteTeam "Haiti"]
[BlackTeam "Uzbekistan"]
[WhiteTeamCountry "HAI"]
[BlackTeamCountry "UZB"]

1. d4 Nf6 2. c4 e6 3. Nf3 d5 4. Bg5 Be7 5. Qc2 O-O ({RR} 5... h6 6. Bxf6 Bxf6 7. e3 O-O 8. h4 c5 9. g4 g6 10. g5 hxg5 11. hxg5 Bg7 12. Nc3 cxd4 13. exd4 Nc6 14. O-O-O Nb4 15. Qd2 dxc4 16. Qf4 Qa5 17. Bxc4 b5 18. Bb3 Bb7 19. Kb1 Rac8 20. Rh3 {0-1 Mamedyarov,S (2767)-So,W (2767) chess.com Speed blitz 2019 (1.1)}) ({RR} 5... Ne4 6. Bxe7 Qxe7 7. e3 c6 8. Bd3 Nf6 9. Nbd2 Nbd7 10. O-O O-O 11. e4 dxe4 12. Nxe4 b6 13. Ne5 Bb7 14. Ng5 g6 15. Rfe1 Nxe5 16. dxe5 Ng4 17. Nf3 c5 18. Qc1 Kg7 19. Qf4 Bxf3 20. Qxf3 {½-½ Krishna,C (2437)-Jake Shanty (1767) 14th KIIT Cat A Open 2023 (8.12)}) 6. e3 h6 7. Bh4 b6 $146 ({RR} 7... Re8 8. Bd3 dxc4 9. Bxc4 b6 10. Bxf6 Bxf6 11. Qe4 c6 12. Bd3 Qd5 13. Qh7+ Kf8 14. Nc3 Qa5 15. O-O Ba6 16. Bxa6 Nxa6 17. Ne4 Ke7 18. Nxf6 gxf6 19. Qxh6 Rh8 20. Qf4 Qh5 21. Rac1 Rag8 22. Rxc6 {1-0 Berson,J-Cohen,D Toronto Givenchy op 30' rapid 1999 (2)}) 8. Bxf6 Bxf6 9. g3 Bb7 10. Bg2 Nd7 11. Nbd2 c5 12. cxd5 Bxd5 13. e4 Bb7 14. e5 Be7 15. Nb3 cxd4 16. O-O Rc8 17. Qd2 Bxf3 18. Bxf3 Nxe5 19. Be4 Bf6 20. Rfd1 Nc4 21. Qe2 e5 22. Rac1 Nd6 23. Rxc8 Qxc8 24. Rc1 Qd7 25. Bc6 Qe6 26. Bd5 Qxd5 27. Rc7 e4 28. Qc2 d3 29. Qc1 Nb5 30. Rc4 Bxb2 0-1

[Event "Olympiad Women 2024"]
[Site "Budapest HUN"]
[Date "2024.09.11"]
[Round "1.34"]
[Board "3"]
[White "Omonova, Umida"]
[Black "Jonet, Davena"]
[Result "1-0"]
[WhiteElo "2032"]
[BlackElo "1659"]
[PlyCount "57"]
[EventDate "2024.09.11"]
[WhiteTeam "Uzbekistan"]
[BlackTeam "Haiti"]
[WhiteTeamCountry "UZB"]
[BlackTeamCountry "HAI"]

1. e4 e5 2. Nf3 Nc6 3. Bc4 Nf6 4. d3 d5 5. exd5 Nxd5 6. O-O Be7 7. Re1 f6 8. a4 ({RR} 8. Bb3 a5 9. c3 Nb6 10. Nh4 g6 11. a4 Bd6 12. d4 Qe7 13. Be3 Bd7 14. dxe5 fxe5 15. Nf3 h6 16. Nbd2 O-O-O 17. Ne4 Bf5 18. Nfd2 Nd7 19. Bd5 Nc5 20. Qe2 Nb8 21. Rad1 Nba6 22. Nxd6+ cxd6 {1-0 Abdusattorov,N (2727)-Van Foreest,J (2682) 86th Tata Steel Masters 2024 (9.5)}) ({RR} 8. d4 Nb6 9. Bb5 O-O 10. Bxc6 bxc6 11. dxe5 Qxd1 12. Rxd1 Bg4 13. Nbd2 fxe5 14. Re1 Bd6 15. h3 Bf5 16. Ne4 h6 17. b3 Nd5 18. Bb2 Nb4 19. Rac1 Nxa2 20. Rcd1 Rad8 21. c3 Be6 22. b4 Bd5 {0-1 Swicarz,M (2261)-Madaminov,M (2488) Titled Tue 9th Jan Early 2024 (1)}) 8... Bg4 9. Nbd2 Nb6 $146 ({RR} 9... Qd7 10. a5 a6 11. h3 Be6 12. c3 O-O 13. d4 exd4 14. Nb3 Bf7 15. Nbxd4 Nxd4 16. Nxd4 Rfe8 17. Bd2 Rad8 18. Qf3 Bf8 19. Rad1 c6 20. h4 Rxe1+ 21. Bxe1 Qc7 22. b4 Re8 23. Bd2 Qe5 24. Re1 {0-1 Hong,A (2539)-Cheparinov,I (2663) World Blitz 2023 (20.47)}) 10. Bb5 Qd6 11. h3 Bd7 12. Ne4 Qe6 13. a5 Nc8 14. Bc4 Qxc4 15. dxc4 Be6 16. b3 O-O 17. Ba3 Rd8 18. Qe2 f5 19. Bxe7 N8xe7 20. Nc5 Bf7 21. Nxe5 Nxe5 22. Qxe5 Ng6 23. Qxf5 b6 24. axb6 cxb6 25. Ne6 Bxe6 26. Qxe6+ Kh8 27. Rad1 Rf8 28. Rd7 h6 29. Qxg6 1-0